000 00372nam a2200145 a 4500
005 20140414132110.0
008 110513s19uu xx 00 eng d
020 _a978-0-7534-1453-8
050 _aM 745.594
_bEC7 2007
245 _aEcocrafts gorgeous gifts.
260 _aLondon :
_bKingfisher,
_c2007.
650 _aGift making
650 _aRecycling
999 _c114729
_d114729